Most Populated U.S. Cities by Year - 1860 - Statistics

General Stats
  • This quiz has been taken 96 times
  • The average score is 19 of 20
Answer Stats
Population Entity Answer % Correct
177,800 Massachusetts Boston
100%
168,700 Louisiana New Orleans
100%
813,700 New York New York City
100%
565,500 Pennsylvania Philadelphia
100%
56,800 California San Francisco
100%
61,100 District of Columbia Washington
100%
112,200 Illinois Chicago
99%
160,800 Missouri St. Louis
99%
62,400 New York Albany
97%
212,400 Maryland Baltimore
97%
81,100 New York Buffalo
97%
45,200 Wisconsin Milwaukee
97%
161,000 Ohio Cincinnati
96%
45,600 Michigan Detroit
96%
68,000 Kentucky Louisville
95%
71,900 New Jersey Newark
95%
49,200 Pennsylvania Pittsburgh
95%
50,700 Rhode Island Providence
94%
266,700 New York Brooklyn
87%
48,200 New York Rochester
82%
No matching quizzes found
Score Distribution
Percent of People with Each Score
Percentile by Number Answered
Your Score History
You have not taken this quiz